000 00389nam a2200157 i 4500
001 bg
100 1 _aPORĘBSKA, Maria
245 0 _aPołączenia spójnościowe /
_cMaria Porębska, Andrzej Skorupa.
260 _aWarszawa,
_c1993.
700 1 _aSKORUPA, Andrzej
040 _cBPK
041 _apol
080 _a621.791/.795
942 _cKS
008 s pl f |000 0 pol
999 _c5535
_d5535
856 _uhttp://koha.tu.koszalin.pl/cgi-bin/koha/opac-detail.pl?biblionumber=5535
_yKatalog online BPK